Normal view
MARC view
- Rascel Renato
Entry Personal Name
001 - CONTROL NUMBER
- control field: 3432
003 - CONTROL NUMBER IDENTIFIER
- control field: IT-RoPau
005 - DATE AND TIME OF LATEST TRANSACTION
- control field: 20131125094819.0
008 - FIXED-LENGTH DATA ELEMENTS
- fixed length control field: 131125|| aca||aabn | a|a d
040 ## - CATALOGING SOURCE
- Original cataloging agency: IT-RoPau
- Transcribing agency: IT-RoPau
100 ## - HEADING--PERSONAL NAME
- Personal name: Rascel Renato
- Dates associated with a name: Codice autore testo/musica SPICS: 13602
- Relator term: Autore testo/musica
- Name of part/section of a work: Arrivederci Roma
670 ## - SOURCE DATA FOUND
- Source citation: Work cat.: (IT-RoPau)100078: AA.VV. 794, Roma (disco)